El Pensamiento en Chile: 1830-1910
Enregistré dans:
| Auteurs principaux: | , , , , , |
|---|---|
| Autres auteurs: | , |
| Format: | Livre |
| Langue: | espagnol |
| Publié: |
Santiago
Nuestra América
1987
|
| Collection: | Estudios Latinoamericanos, 1
|
| Sujets: | |
| Tags: |
Ajouter un tag
Pas de tags, Soyez le premier à ajouter un tag!
|
MARC
| LEADER | 00000nam a2200000 a 4500 | ||
|---|---|---|---|
| 001 | UCW8272 | ||
| 003 | CL-VaPUC | ||
| 008 | 880728e19870000CL |||||||||||||||||spa|d | ||
| 082 | 0 | 4 | |a 983 |b BER |2 21 |
| 100 | 0 | |a Berríos Caro, Mario |e author |9 313393 | |
| 700 | 0 | |a Cruzat Amunátegui, Ximena |e author |9 313394 | |
| 700 | 0 | |a Devér Valdés, Eduardo |e author |9 313395 | |
| 700 | 0 | |a Illanes O., M. Angélica |e author |9 313396 | |
| 700 | |a Moyano Díaz, Emilio |e autor |9 469254 | ||
| 700 | |a Ossandón Buljevic, Carlos |e autor |9 538292 | ||
| 700 | 0 | |a Pinedo Castro, Javier |e author |9 313399 | |
| 700 | 0 | |a Tironi Barrios, Ana |e author |9 313400 | |
| 245 | 1 | 3 | |a El Pensamiento en Chile: 1830-1910 |
| 300 | |a 151 p | ||
| 942 | |c BK | ||
| 945 | |d 19880728 00:00:00 | ||
| 260 | |a Santiago |b Nuestra América |c 1987 | ||
| 650 | 0 | |a Vida intelectual |9 265379 | |
| 650 | 0 | |a Historia |9 255047 | |
| 651 | 7 | |a CHILE |2 CL-VaPUC |9 313401 | |
| 583 | |a last modification |c 19880728 00:00:00 |k Rodrigo Vera | ||
| 490 | 0 | |a Estudios Latinoamericanos, 1 | |
| 999 | |c 220701 |d 220699 | ||
| 952 | |0 0 |1 0 |4 0 |6 983_000000000000000_BER_1987 |7 0 |8 A |9 213242 |a BIBHIS |b BIBHIS |d 2019-11-15 |i 2815907 |l 3 |o 983 BER 1987 |p 2815907 |r 2025-01-20 |s 2024-07-01 |w 2019-11-15 |y BK |k HIS | ||
| 952 | |0 0 |1 0 |4 0 |6 983_000000000000000_BER_1987 |7 0 |8 A |9 213243 |a BIBHIS |b BIBHIS |d 2019-11-15 |i 2815915 |l 1 |m 14 |o 983 BER 1987 |p 2815915 |q 2025-07-11 |r 2023-01-25 |s 2021-12-27 |w 2019-11-15 |y BK |k HIS | ||